| 000 | 00439nam a2200181Ia 4500 | ||
|---|---|---|---|
| 008 | 220216s9999 xx 000 0 und d | ||
| 100 | _aHaberstroh Edmund | ||
| 245 | 0 | _aCo-moulding with LSR | |
| 260 |
_bEuropean Rubber Journal _c2002 |
||
| 300 | _a16-17 | ||
| 650 | _aAdhesion | ||
| 650 | _aCo-moulding | ||
| 650 | _aInjection moulding | ||
| 650 | _aLiquid silicone rubber | ||
| 650 | _aLSR | ||
| 700 | _aChristoph | ||
| 942 | _cJS | ||
| 999 |
_c55905 _d55905 |
||